| 000 | 00375 a2200169 4500 | ||
|---|---|---|---|
| 001 | 184543 | ||
| 020 | _a978-85-16-07063-2 | ||
| 040 | _cMagnum | ||
| 100 | _aRocha, Ruth | ||
| 240 | 1 | 0 |
_aA cinderela das bonecas _lpor |
| 245 | 1 | 0 | _aA cinderela das bonecas |
| 300 | _a37 | ||
| 362 | 0 | _a2011 | |
| 440 | 1 | _aSalamandra | |
| 697 | _aLITERATURA INFANTO-JUVENIL | ||
| 942 | _cBK | ||
| 999 |
_c184543 _d184543 |
||